Nickelodeon Show by Theme Song - Statistics

General Stats
  • This quiz has been taken 904 times
  • The average score is 6 of 10
Answer Stats
Song Lyrics TV Show % Correct
Who lives in a pineapple under the sea? _________ __________! Absorbent and yellow and porous is he, _________ __________! SpongeBob Squarepants
99%
I know, you see, somehow the world will change for me and be so wonderful. Live life, breathe air, I know somehow we're gonna get there and feel so wonderful iCarly
82%
Here I am, once again. Feeling lost but now and then, I breathe it in to let it go. Victorious
80%
Make it count, play it straight don't look back, don't hesitate when you go big time. What you want, what you feel never quit, and make it real when you roll big time. Big Time Rush
71%
Timmy is an average kid that no one understands. Mom and Dad and Vicky always giving him commands (Bed, twerp!) The Fairly OddParents
70%
Well, I never thought that it'd be so simple, but I found a way, I found a way. If you open up your mind, see what's inside. Drake and Josh
58%
Ooh, I know you see me standin' here. Do I look good my dear? Do I look good today? Zoey 101
46%
From here to the stars, goes by Candy Barz. Rides a kid with a knack for invention. With a super-powered mind, a mechanical canine. Rescues the day from sure destruction. The Adventures of Jimmy Neutron, Boy Genius
34%
Everybody out there, go run and tell your homeboys and homegirls, it's time for _____ and ___. They keep you laughing' in the afternoon so, don't touch that dial or leave the room Kenan and Kel
18%
From my head to my toes it's all real and you know. Fresh and cool, it's just what I do. _-_-_-_ - _-_-_-_-_-_-_ - _-_ True Jackson VP
14%
No matching quizzes found
Score Distribution
Percent of People with Each Score
Percentile by Number Answered
Your Score History
You have not taken this quiz